| 000 | 00823nac a22002537a 4500 | ||
|---|---|---|---|
| 001 | BR6002886 | ||
| 003 | BR-BrBNA | ||
| 005 | 20240105121734.0 | ||
| 008 | 230509b bl.|||m| |||| 00| 0 por d | ||
| 040 |
_aBR-BrBNA _bpor _cBiblioteca Nacional de Agricultura |
||
| 072 | _aL10 | ||
| 090 | _a6100 BR6002886 | ||
| 100 | 1 | _aMiranda, R.M. de | |
| 110 | 1 |
_aInstituto de Zootecnia, Rio de Janeiro, GB (Brasil) _96282 |
|
| 245 | 1 | _aResultados iniciais do trabalho de selecao de Leghorn no Instituto de Zootecnia | |
| 260 | 3 |
_aRio de Janeiro, GB (Brasil): _c1954. |
|
| 300 | _a22 p. | ||
| 490 |
_aPublicacao - Instituto de Zootecnia (Brazil) _vno. 13 _x |
||
| 500 | _aSummary (En); 11 ref. | ||
| 650 | _aMelhoramento Animal | ||
| 650 | _aGalo | ||
| 909 |
_a202312 _bLúcia Elande _c55 _dLúcia Elande |
||
| 942 |
_2AGRIS _n0 _cMS |
||
| 999 |
_c287146 _d287146 |
||